00791nam a2200229 i 4500003000900000005001700009007000300026008004100029020001800070040003000088050000800118082002400126110004300150245003000193264010700223300004600330336002700376337003300403338002800436500005800464700003900522DO-SdBNP20251208091650.0ta220426e2012 dr a|||grc||| 001 0 spa d a9789945882001 aDO-SdBNPbspacBNPHUerda aspa 4a709.7293bT337a2222 aCentro Cultural Eduardo León Jimenes00aTesoros del Arte Taíno  aSantiago de los Caballeros, República Dominicana : bCentro Cultural Eduardo León Jimenes, c2012. a157 páginas : bilustraciones ;c31 cm. ardacontentbtexto2txt ardamediabsin mediación2n ardacarrierbvolumen2nc aIncluye bibliografía y notas al pié de páginas.1 aAndújar Persinal, Carlos,d1956-